IPL Teams by Logo - Statistics

General Stats
  • This quiz has been taken 1,185 times
  • The average score is 12 of 15
Answer Stats
Picture Hint Answer % Correct
Tenure: 2008 - present Mumbai Indians
98%
Tenure: 2008 - present Chennai Super Kings
96%
Tenure: 2013 - present SunRisers Hyderabad
95%
Tenure: 2008 - present Kolkata Knight Riders
94%
Tenure: 2008 - present Royal Challengers Bengaluru
94%
Tenure: 2022 - present Gujarat Titans
91%
Tenure: 2008 - present Delhi Capitals
90%
Tenure: 2008 - present Punjab Kings
89%
Tenure: 2008 - present Rajasthan Royals
88%
Tenure: 2022 - present Lucknow Super Giants
87%
Tenure: 2008 - 2012 Deccan Chargers
68%
Tenure: 2016 - 2017 Gujarat Lions
61%
Tenure: 2016 - 2017 Rising Pune Supergiants
55%
Tenure: 2011 - 2013 Pune Warriors India
51%
Tenure: 2011 Kochi Tuskers Kerala
47%
No matching quizzes found
Score Distribution
Percent of People with Each Score
Percentile by Number Answered
Your Score History
You have not taken this quiz